000 00473nam a2200181Ia 4500
001 18778
005 20260306171655.0
008 260306s9999||||xx |||||||||||||| ||und||
041 _aESP
082 _a658.5
_bG62
100 _aGómez González, Sergio
_eAUT
245 0 _aVerificación de productos:
_bmetrología, ensayos y control de procesos
260 _c2012
300 _a458 páginas :
_c26 cm.
650 _aGEN
654 _aCAN
942 _cLIB
_dJUS
_fJUS
_2ddc
_n
999 _c18778
_d18778